Clubs de Bundesliga (2024-2025) - Statistiques

Statistiques générales
  • Ce quiz a été pris 225 fois
  • Le résultat moyen est 11 sur 18
Statistiques - réponses
Bundesliga % Correct
Bayern Munich
98%
Borussia Dortmund
98%
Bayer Leverkusen
95%
RB Leipzig
83%
VfB Stuttgart
76%
Wolfsburg
69%
Union Berlin
65%
Werder Breme
65%
Eintracht Francfort
63%
SC Fribourg
58%
Borussia Monchengladbach
53%
VfL Bochum
53%
Mayence 05
52%
Hoffenheim
50%
FC Augsbourg
45%
Heidenheim
45%
FC Sankt-Pauli
43%
Holstein Kiel
36%
Aucun quiz correspondant
Distribution des résultats
% des personnes avec chaque résultat
Percentile par nombre de réponses
Votre historique - résultats
Vous n’avez pas pris ce quiz